[Event "Espalion op 1st"]
[Site "Espalion"]
[Date "2016.07.11"]
[Round "3"]
[White "Caudrelier, Pierre"]
[Black "Brochet, Thierry"]
[Result "1-0"]
[WhiteElo "1618"]
[BlackElo "1582"]
[PlyCount "91"]
[EventDate "2016.07.09"]
[EventType "swiss"]
[EventRounds "9"]
[EventCountry "FRA"]
[SourceTitle "CBM 173 Extra"]
[Source "ChessBase"]
[SourceDate "2016.08.29"]
[SourceVersion "1"]
[SourceVersionDate "2016.08.29"]
[SourceQuality "1"]

1. e4 c5 2. Nc3 Nc6 3. g3 d6 4. Bg2 Nf6 5. d3 g6 6. h3 Bg7 7. Be3 Bd7 8. Qd2 Qc7 9. Bh6 0-0 10. h4 Nd4 11. Bxg7 Kxg7 12. Nf3 h5 13. 0-0 Nxf3+ 14. Bxf3 e5 15. Nd1 b5 16. Ne3 a5 17. c3 b4 18. d4 bxc3 19. bxc3 Rab8 20. Rfb1 cxd4 21. cxd4 Rxb1+ 22. Rxb1 Rb8 23. Rc1 Qb6 24. dxe5 dxe5 25. Nc4 Qd4 26. Qxa5 Nxe4 27. Qxe5+ Qxe5 28. Nxe5 Bf5 29. Rc7 Rb1+ 30. Kg2 Nd6 31. a4 Kf6 32. Nd7+ Ke7 33. Nc5+ Kd8 34. Ra7 Rb8 35. Nb7+ Nxb7 36. Rxb7 Rxb7 37. Bxb7 Bd7 38. a5 Kc7 39. a6 Bb5 40. Kf3 Kb6 41. Kf4 Bc4 42. Ke5 Bd3 43. Bd5 Kxa6 44. Bxf7 Kb6 45. Kf6 Kc5 46. Bxg6 1-0

[Event "Saint Affrique op 22nd"]
[Site "Saint Affrique"]
[Date "2014.07.23"]
[Round "6"]
[White "Caudrelier, Pierre"]
[Black "Gachon, Valentin"]
[Result "1-0"]
[WhiteElo "1510"]
[BlackElo "1301"]
[PlyCount "67"]
[EventDate "2014.07.19"]
[EventType "swiss"]
[EventRounds "9"]
[EventCountry "FRA"]
[SourceTitle "CBM 161 Extra"]
[Source "ChessBase"]
[SourceDate "2014.08.29"]
[SourceVersion "1"]
[SourceVersionDate "2014.08.29"]
[SourceQuality "1"]

1. e4 c6 2. d4 d5 3. e5 Bf5 4. Ne2 e6 5. Bf4 Ne7 6. c3 Nd7 7. Nd2 Ng6 8. Nf3 Be7 9. h3 0-0 10. Ng3 Nxf4 11. Nxf5 exf5 12. g3 Ne6 13. Qc2 g6 14. h4 f6 15. 0-0-0 fxe5 16. dxe5 Ndc5 17. Nd4 Nxd4 18. cxd4 Ne6 19. f4 Rc8 20. Kb1 b6 21. h5 g5 22. Bd3 Ng7 23. h6 Ne6 24. Bxf5 Qd7 25. Bxh7+ Kh8 26. Bf5 c5 27. h7 cxd4 28. Qd3 gxf4 29. gxf4 Bc5 30. Rh6 Nxf4 31. Bxd7 Nxd3 32. Bxc8 Nxe5 33. Be6 Rd8 34. Rg1 1-0

[Event "Saint Affrique op 22nd"]
[Site "Saint Affrique"]
[Date "2014.07.22"]
[Round "5"]
[White "Robic, Damien"]
[Black "Caudrelier, Pierre"]
[Result "1-0"]
[WhiteElo "1663"]
[BlackElo "1510"]
[PlyCount "92"]
[EventDate "2014.07.19"]
[EventType "swiss"]
[EventRounds "9"]
[EventCountry "FRA"]
[SourceTitle "CBM 161 Extra"]
[Source "ChessBase"]
[SourceDate "2014.08.29"]
[SourceVersion "1"]
[SourceVersionDate "2014.08.29"]
[SourceQuality "1"]

1. e4 e5 2. Nf3 Nc6 3. Nc3 Bc5 4. Nxe5 Bxf2+ 5. Kxf2 Nxe5 6. d4 Ng6 7. Qf3 Qf6 8. Qxf6 Nxf6 9. Bc4 0-0 10. Rf1 d6 11. Kg1 Be6 12. Bd3 h6 13. Nb5 Ne8 14. d5 Bd7 15. Be3 Bxb5 16. Bxb5 Nf6 17. Bd3 Rfe8 18. Bxh6 Nxe4 19. Rae1 gxh6 20. Bxe4 Ne5 21. Bf5 Re7 22. Re3 Kg7 23. Rg3+ Ng6 24. h4 h5 25. Rg5 Kh6 26. Bxg6 fxg6 27. Rf6 Rg8 28. Kf2 Re4 29. g3 Rg4 30. Rxg4 hxg4 31. Rf7 Rg7 32. Rxg7 Kxg7 33. Ke3 Kf6 34. Kf4 Kg7 35. Kxg4 Kh6 36. Kf4 Kh5 37. b4 a6 38. a4 b6 39. c4 a5 40. b5 Kh6 41. g4 Kh7 42. Kg5 Kg7 43. h5 gxh5 44. gxh5 Kh7 45. h6 Kg8 46. Kg6 Kh8 1-0